Get the Picture: Taylor Swift or Ed Sheeran? Quiz Stats

 Plays Quiz Updated May 5, 2019

Score 0/20 Timer 02:00
13 Plays Today
Question Answer Wrong Answers
Shake It Off Taylor Swift
92.6%
Ed Sheeran
2.5%
Bad Blood Taylor Swift
91.9%
Ed Sheeran
3.3%
Blank Space Taylor Swift
90.5%
Ed Sheeran
4.6%
Castle on the Hill Ed Sheeran
89.3%
Taylor Swift
5.9%
Shape of You Ed Sheeran
89.2%
Taylor Swift
5.9%
Look What You Made Me Do Taylor Swift
89.2%
Ed Sheeran
6.2%
Love Story Taylor Swift
87.9%
Ed Sheeran
7.5%
Galway Girl Ed Sheeran
87.6%
Taylor Swift
7.3%
You Belong With Me Taylor Swift
86.8%
Ed Sheeran
8.3%
Thinking Out Loud Ed Sheeran
86.7%
Taylor Swift
8.6%
Style Taylor Swift
84.2%
Ed Sheeran
11.2%
Wildest Dreams Taylor Swift
84.1%
Ed Sheeran
11.2%
Supermarket Flowers Ed Sheeran
84.1%
Taylor Swift
10.9%
Photograph Ed Sheeran
84%
Taylor Swift
11.2%
Perfect Ed Sheeran
82.8%
Taylor Swift
12.4%
Happier Ed Sheeran
80.8%
Taylor Swift
14.4%
I See Fire Ed Sheeran
80.1%
Taylor Swift
15%
Give Me Love Ed Sheeran
78.3%
Taylor Swift
17%
Delicate Taylor Swift
76.4%
Ed Sheeran
18.8%
Gorgeous Taylor Swift
70.1%
Ed Sheeran
24.9%

Today's Daily Dose

You're not logged in!

Compare scores with friends on all Sporcle quizzes.
OR
Log In

Sporcle TV

Today on Sporcle TV


Watch our educational content, quiz creation guides, and fun videos on Sporcle TV.

Show Comments

Extras

Top Quizzes Today


Score Distribution

Your Account Isn't Verified!

In order to create a playlist on Sporcle, you need to verify the email address you used during registration. Go to your Sporcle Settings to finish the process.

Report this User

Report this user for behavior that violates our Community Guidelines.

Details: